000
00302nam a2200121Ia 4500
008
240624s9999 xx 000 0 und d
041
_a
eng
082
_a
658.4012 RAY
100
_a
RAY RAJESH
245
_a
ENTERPRISE RESOURCE PLANNING
260
_c
2015
_a
New Delhi
_b
Tata McGraw-Hill
365
_c
RS
_b
33
999
_c
25958
_d
25958